[Event "ODJM B 2025"]
[Site "Willingen GER"]
[Date "2025.06.14"]
[Round "9"]
[White "Frank, Carolin"]
[Black "Zielke, Marek"]
[Result "1-0"]
[Termination "normal"]
[Board "58"]
[WhiteElo "1724"]
[BlackElo "1572"]
[WhiteClock "00:13:40"]
[BlackClock "00:20:17"]
[PlyCount "71"]
[WhiteFideId "16207190"]
[BlackFideId "34661808"]
[EventCountry "GER"]
[EventRounds "9"]
[EventType "swiss"]
[EventDate "2025.06.07"]

1. Nf3 {[%clk 01:30:57]} {[%emt 00:00:03]} d5 {[%clk 01:30:54]} {[%emt
00:00:06]} 2. g3 {[%clk 01:31:19]} {[%emt 00:00:08]} c5 {[%clk 01:31:12]}
{[%emt 00:00:12]} 3. Bg2 {[%clk 01:29:30]} {[%emt 00:02:18]} Nc6 {[%clk
01:30:30]} {[%emt 00:01:13]} 4. d4 {[%clk 01:27:46]} {[%emt 00:02:14]} e6
{[%clk 01:30:21]} {[%emt 00:00:39]} 5. O-O {[%clk 01:27:02]} {[%emt 00:01:14]}
Nf6 {[%clk 01:28:55]} {[%emt 00:01:55]} 6. c4 {[%clk 01:26:10]} {[%emt
00:01:22]} dxc4 {[%clk 01:28:05]} {[%emt 00:01:20]} 7. dxc5 {[%clk 01:26:19]}
{[%emt 00:00:22]} Bxc5 {[%clk 01:11:01]} {[%emt 00:17:34]} 8. Qxd8+ {[%clk
01:24:48]} {[%emt 00:02:01]} Nxd8 {[%clk 01:10:55]} {[%emt 00:00:36]} 9. Ne5
{[%clk 01:18:57]} {[%emt 00:06:19]} Bd7 {[%clk 01:07:48]} {[%emt 00:03:39]} 10.
Nc3 {[%clk 01:08:45]} {[%emt 00:10:41]} Rc8 {[%clk 01:05:21]} {[%emt 00:02:57]}
11. Rd1 {[%clk 01:03:28]} {[%emt 00:05:45]} Bb4 {[%clk 00:57:50]} {[%emt
00:08:03]} 12. Bg5 {[%clk 00:57:13]} {[%emt 00:06:45]} Bxc3 {[%clk 00:52:21]}
{[%emt 00:06:00]} 13. bxc3 {[%clk 00:54:36]} {[%emt 00:03:07]} Bb5 {[%clk
00:50:21]} {[%emt 00:02:30]} 14. Rab1 {[%clk 00:46:35]} {[%emt 00:08:30]} Ba6
{[%clk 00:37:12]} {[%emt 00:13:40]} 15. Rd4 {[%clk 00:34:30]} {[%emt 00:12:33]}
h6 {[%clk 00:27:05]} {[%emt 00:10:38]} 16. Bxf6 {[%clk 00:27:59]} {[%emt
00:07:01]} gxf6 {[%clk 00:27:30]} {[%emt 00:00:05]} 17. Ng4 {[%clk 00:24:33]}
{[%emt 00:03:54]} Ke7 {[%clk 00:26:23]} {[%emt 00:01:40]} 18. Rbd1 {[%clk
00:22:35]} {[%emt 00:02:27]} Rc7 {[%clk 00:26:02]} {[%emt 00:00:51]} 19. a4
{[%clk 00:19:54]} {[%emt 00:03:11]} e5 {[%clk 00:21:21]} {[%emt 00:05:12]} 20.
Rd6 {[%clk 00:18:55]} {[%emt 00:01:27]} Ne6 {[%clk 00:21:04]} {[%emt 00:00:49]}
21. Ne3 {[%clk 00:17:53]} {[%emt 00:01:32]} Rd8 {[%clk 00:19:15]} {[%emt
00:02:18]} 22. Rxd8 {[%clk 00:16:16]} {[%emt 00:02:07]} Nxd8 {[%clk 00:19:42]}
{[%emt 00:00:04]} 23. Nd5+ {[%clk 00:16:20]} {[%emt 00:00:24]} Kd6 {[%clk
00:19:17]} {[%emt 00:00:57]} 24. Nxc7+ {[%clk 00:14:04]} {[%emt 00:02:46]} Kxc7
{[%clk 00:19:42]} {[%emt 00:00:04]} 25. Bh3 {[%clk 00:12:38]} {[%emt 00:01:56]}
Ne6 {[%clk 00:19:44]} {[%emt 00:00:28]} 26. Bxe6 {[%clk 00:12:44]} {[%emt
00:00:25]} fxe6 {[%clk 00:20:10]} {[%emt 00:00:04]} 27. Kg2 {[%clk 00:12:48]}
{[%emt 00:00:25]} b6 {[%clk 00:20:13]} {[%emt 00:00:28]} 28. Kf3 {[%clk
00:12:54]} {[%emt 00:00:23]} Bb7+ {[%clk 00:20:39]} {[%emt 00:00:05]} 29. Kg4
{[%clk 00:13:08]} {[%emt 00:00:14]} Be4 {[%clk 00:20:02]} {[%emt 00:01:08]} 30.
Kh5 {[%clk 00:12:51]} {[%emt 00:00:46]} Bc2 {[%clk 00:20:08]} {[%emt 00:00:25]}
31. Ra1 {[%clk 00:13:12]} {[%emt 00:00:09]} Kb7 {[%clk 00:19:50]} {[%emt
00:00:49]} 32. Kxh6 {[%clk 00:13:34]} {[%emt 00:00:07]} Ka6 {[%clk 00:20:12]}
{[%emt 00:00:08]} 33. h4 {[%clk 00:13:46]} {[%emt 00:00:18]} Ka5 {[%clk
00:20:25]} {[%emt 00:00:18]} 34. h5 {[%clk 00:13:26]} {[%emt 00:00:49]} Bxa4
{[%clk 00:20:06]} {[%emt 00:00:49]} 35. Kg7 {[%clk 00:13:40]} {[%emt 00:00:16]}
Kb5 {[%clk 00:20:17]} {[%emt 00:00:20]} 36. Rc1 {[%emt 00:03:50]} 1-0

[Event "ODJM B 2025"]
[Site "Willingen GER"]
[Date "2025.06.14"]
[Round "9"]
[White "Schille, Marlene"]
[Black "Subocz, Barbara"]
[Result "1/2-1/2"]
[Termination "normal"]
[Board "59"]
[WhiteElo "1461"]
[BlackElo "1559"]
[WhiteClock "00:22:10"]
[BlackClock "00:20:25"]
[PlyCount "62"]
[WhiteFideId "533000670"]
[BlackFideId "41805658"]
[EventCountry "GER"]
[EventRounds "9"]
[EventType "swiss"]
[EventDate "2025.06.07"]

1. e4 {[%clk 01:30:57]} {[%emt 00:00:02]} c5 {[%clk 01:30:43]} {[%emt
00:00:18]} 2. Nf3 {[%clk 01:31:14]} {[%emt 00:00:12]} Nc6 {[%clk 01:31:01]}
{[%emt 00:00:13]} 3. d4 {[%clk 01:31:29]} {[%emt 00:00:15]} cxd4 {[%clk
01:31:11]} {[%emt 00:00:19]} 4. Nxd4 {[%clk 01:31:50]} {[%emt 00:00:09]} g6
{[%clk 01:31:01]} {[%emt 00:00:40]} 5. Nc3 {[%clk 01:31:52]} {[%emt 00:00:28]}
Bg7 {[%clk 01:30:54]} {[%emt 00:00:36]} 6. Be3 {[%clk 01:31:36]} {[%emt
00:00:47]} Nf6 {[%clk 01:27:31]} {[%emt 00:03:53]} 7. Nxc6 {[%clk 01:30:29]}
{[%emt 00:01:37]} bxc6 {[%clk 01:23:29]} {[%emt 00:04:32]} 8. e5 {[%clk
01:29:56]} {[%emt 00:01:03]} Nd5 {[%clk 01:15:13]} {[%emt 00:08:43]} 9. Nxd5
{[%clk 01:25:09]} {[%emt 00:05:20]} cxd5 {[%clk 01:12:47]} {[%emt 00:02:57]}
10. Qxd5 {[%clk 01:24:19]} {[%emt 00:01:20]} Rb8 {[%clk 01:07:12]} {[%emt
00:06:04]} 11. O-O-O {[%clk 01:17:00]} {[%emt 00:07:49]} Bb7 {[%clk 01:01:03]}
{[%emt 00:06:37]} 12. Qd4 {[%clk 01:14:31]} {[%emt 00:02:58]} Bc6 {[%clk
00:56:12]} {[%emt 00:05:21]} 13. f4 {[%clk 01:11:16]} {[%emt 00:03:48]} Qc7
{[%clk 00:50:52]} {[%emt 00:05:50]} 14. Qxa7 {[%clk 01:06:30]} {[%emt
00:05:16]} Rb7 {[%clk 00:48:13]} {[%emt 00:03:08]} 15. Qc5 {[%clk 01:02:30]}
{[%emt 00:04:27]} d6 {[%clk 00:44:48]} {[%emt 00:03:55]} 16. Qc3 {[%clk
00:54:56]} {[%emt 00:08:01]} dxe5 {[%clk 00:42:57]} {[%emt 00:02:27]} 17. fxe5
{[%clk 00:55:04]} {[%emt 00:00:23]} Bxe5 {[%clk 00:42:48]} {[%emt 00:00:39]}
18. Bd4 {[%clk 00:55:08]} {[%emt 00:00:26]} Bxd4 {[%clk 00:40:50]} {[%emt
00:02:28]} 19. Rxd4 {[%clk 00:54:26]} {[%emt 00:01:13]} O-O {[%clk 00:39:45]}
{[%emt 00:01:34]} 20. Rc4 {[%clk 00:52:43]} {[%emt 00:02:13]} Rd8 {[%clk
00:36:43]} {[%emt 00:03:32]} 21. Bd3 {[%clk 00:50:03]} {[%emt 00:03:08]} Rb6
{[%clk 00:32:15]} {[%emt 00:04:58]} 22. Re1 {[%clk 00:45:49]} {[%emt 00:04:43]}
Qd6 {[%clk 00:30:32]} {[%emt 00:02:14]} 23. g3 {[%clk 00:39:40]} {[%emt
00:06:41]} Bb5 {[%clk 00:28:20]} {[%emt 00:02:42]} 24. Rc8 {[%clk 00:38:55]}
{[%emt 00:01:16]} Bxd3 {[%clk 00:26:33]} {[%emt 00:02:17]} 25. Rxd8+ {[%clk
00:39:10]} {[%emt 00:00:15]} Qxd8 {[%clk 00:26:46]} {[%emt 00:00:17]} 26. Qxd3
{[%clk 00:39:32]} {[%emt 00:00:08]} Rd6 {[%clk 00:25:15]} {[%emt 00:02:00]} 27.
Qf3 {[%clk 00:36:43]} {[%emt 00:03:09]} Qa5 {[%clk 00:23:24]} {[%emt 00:02:28]}
28. c3 {[%clk 00:23:03]} {[%emt 00:14:14]} Qxa2 {[%clk 00:20:47]} {[%emt
00:03:06]} 29. Rxe7 {[%clk 00:22:16]} {[%emt 00:01:17]} Qa1+ {[%clk 00:20:05]}
{[%emt 00:00:43]} 30. Kc2 {[%clk 00:22:19]} {[%emt 00:00:57]} Qa4+ {[%clk
00:20:22]} {[%emt 00:00:13]} 31. Kc1 {[%clk 00:22:10]} {[%emt 00:00:38]} Qa1+
{[%clk 00:20:25]} {[%emt 00:00:26]} 1/2-1/2

[Event "ODJM B 2025"]
[Site "Willingen GER"]
[Date "2025.06.14"]
[Round "9"]
[White "Dintinger, Ata Lucien"]
[Black "Franke, Moritz"]
[Result "0-1"]
[Termination "normal"]
[Board "60"]
[WhiteElo "1557"]
[BlackElo "1627"]
[WhiteClock "00:27:42"]
[BlackClock "01:20:53"]
[PlyCount "70"]
[WhiteFideId "34654550"]
[BlackFideId "34629475"]
[EventCountry "GER"]
[EventRounds "9"]
[EventType "swiss"]
[EventDate "2025.06.07"]

1. e4 {[%clk 01:30:25]} {[%emt 00:00:35]} c5 {[%clk 01:30:53]} {[%emt
00:00:07]} 2. Nc3 {[%clk 01:30:43]} {[%emt 00:00:11]} Nc6 {[%clk 01:29:56]}
{[%emt 00:01:28]} 3. g3 {[%clk 01:30:40]} {[%emt 00:00:32]} g6 {[%clk
01:29:58]} {[%emt 00:00:29]} 4. Bg2 {[%clk 01:30:08]} {[%emt 00:01:00]} Bg7
{[%clk 01:29:42]} {[%emt 00:00:48]} 5. d3 {[%clk 01:29:29]} {[%emt 00:01:09]}
d6 {[%clk 01:29:47]} {[%emt 00:00:26]} 6. Be3 {[%clk 01:29:12]} {[%emt
00:00:45]} Nf6 {[%clk 01:29:22]} {[%emt 00:00:56]} 7. Qd2 {[%clk 01:28:56]}
{[%emt 00:00:46]} Ng4 {[%clk 01:29:23]} {[%emt 00:00:28]} 8. Nge2 {[%clk
01:25:18]} {[%emt 00:04:08]} Nxe3 {[%clk 01:25:34]} {[%emt 00:04:19]} 9. fxe3
{[%clk 01:24:47]} {[%emt 00:01:01]} O-O {[%clk 01:25:06]} {[%emt 00:00:58]} 10.
Nf4 {[%clk 01:22:25]} Qb6 {[%emt 00:04:15]} 11. Nfd5 Qxb2 12. Rb1 Bxc3 {[%clk
01:24:13]} 13. Nxc3 {[%emt 00:19:53]} Qa3 14. h4 {[%clk 01:10:43]} Bg4 {[%clk
01:19:11]} {[%emt 00:00:51]} 15. Bh3 {[%clk 01:10:42]} {[%emt 00:00:33]} Bxh3
{[%clk 01:19:30]} {[%emt 00:00:10]} 16. Rxh3 {[%clk 01:10:59]} {[%emt
00:00:12]} Ne5 {[%clk 01:19:52]} {[%emt 00:00:07]} 17. Ke2 {[%clk 01:01:39]}
{[%emt 00:09:51]} b6 {[%clk 01:20:08]} {[%emt 00:00:15]} 18. h5 {[%clk
01:00:20]} {[%emt 00:01:49]} Ng4 {[%clk 01:17:51]} {[%emt 00:02:46]} 19. Rh4
{[%clk 00:57:54]} {[%emt 00:02:56]} Nf6 {[%clk 01:18:06]} {[%emt 00:00:16]} 20.
hxg6 {[%clk 00:57:57]} {[%emt 00:00:27]} fxg6 {[%clk 01:18:27]} {[%emt
00:00:09]} 21. Rbh1 {[%clk 00:56:16]} {[%emt 00:02:11]} Nh5 {[%clk 01:18:38]}
{[%emt 00:00:18]} 22. R1h3 {[%clk 00:48:06]} {[%emt 00:08:41]} Rf7 {[%clk
01:18:54]} {[%emt 00:00:13]} 23. Nd5 {[%clk 00:42:18]} {[%emt 00:06:18]} Raf8
{[%clk 01:18:43]} {[%emt 00:00:42]} 24. Nf4 {[%clk 00:42:32]} {[%emt 00:00:15]}
e5 {[%clk 01:19:01]} {[%emt 00:00:13]} 25. g4 {[%clk 00:40:14]} {[%emt
00:02:48]} exf4 {[%clk 01:19:01]} {[%emt 00:00:29]} 26. gxh5 {[%clk 00:40:31]}
{[%emt 00:00:13]} fxe3 {[%clk 01:19:17]} {[%emt 00:00:15]} 27. Kxe3 {[%clk
00:40:49]} {[%emt 00:00:11]} g5 {[%clk 01:19:16]} {[%emt 00:00:32]} 28. Rg4
{[%clk 00:39:28]} {[%emt 00:01:52]} h6 {[%clk 01:19:34]} {[%emt 00:00:11]} 29.
Qg2 {[%clk 00:37:17]} {[%emt 00:02:41]} Qc3 {[%clk 01:19:37]} {[%emt 00:00:27]}
30. Rxg5+ {[%clk 00:29:21]} {[%emt 00:08:27]} hxg5 {[%clk 01:19:58]} {[%emt
00:00:10]} 31. Qxg5+ {[%clk 00:29:44]} {[%emt 00:00:06]} Qg7 {[%clk 01:20:18]}
{[%emt 00:00:10]} 32. Qd5 {[%clk 00:28:12]} {[%emt 00:02:03]} Qe5 {[%clk
01:20:02]} {[%emt 00:00:45]} 33. Qb3 {[%clk 00:28:00]} {[%emt 00:00:42]} Qf4+
{[%clk 01:20:02]} {[%emt 00:00:30]} 34. Ke2 {[%clk 00:27:21]} {[%emt 00:01:10]}
Qf1+ {[%clk 01:20:29]} {[%emt 00:00:03]} 35. Kd2 {[%clk 00:27:42]} {[%emt
00:00:09]} Qxh3 {[%clk 01:20:53]} {[%emt 00:00:06]} 0-1

[Event "ODJM B 2025"]
[Site "Willingen GER"]
[Date "2025.06.14"]
[Round "9"]
[White "de Cauter, Leah"]
[Black "Classen, Miguel"]
[Result "0-1"]
[Termination "normal"]
[Board "61"]
[WhiteElo "1649"]
[BlackElo "1574"]
[WhiteClock "00:11:39"]
[BlackClock "00:48:39"]
[PlyCount "128"]
[WhiteFideId "16222350"]
[BlackFideId "34623825"]
[EventCountry "GER"]
[EventRounds "9"]
[EventType "swiss"]
[EventDate "2025.06.07"]

1. c4 {[%clk 01:30:57]} {[%emt 00:00:03]} Nf6 {[%clk 01:30:47]} {[%emt
00:00:13]} 2. g3 {[%clk 01:31:20]} {[%emt 00:00:07]} e6 {[%clk 01:30:58]}
{[%emt 00:00:18]} 3. Bg2 {[%clk 01:31:44]} {[%emt 00:00:06]} d5 {[%clk
01:31:14]} {[%emt 00:00:14]} 4. Nf3 {[%clk 01:31:10]} {[%emt 00:01:05]} Be7
{[%clk 01:31:08]} {[%emt 00:00:37]} 5. O-O {[%clk 01:23:24]} {[%emt 00:08:15]}
O-O {[%clk 01:31:18]} {[%emt 00:00:20]} 6. cxd5 {[%clk 01:19:29]} {[%emt
00:04:25]} exd5 {[%clk 01:31:27]} {[%emt 00:00:21]} 7. d4 {[%clk 01:18:26]}
{[%emt 00:01:33]} c6 {[%clk 01:30:10]} {[%emt 00:01:47]} 8. Bf4 {[%clk
01:16:38]} {[%emt 00:02:17]} h6 {[%clk 01:26:31]} {[%emt 00:04:10]} 9. Nc3
{[%clk 01:16:31]} {[%emt 00:00:37]} Bf5 {[%clk 01:26:14]} {[%emt 00:00:46]} 10.
Qb3 {[%clk 01:15:11]} {[%emt 00:01:49]} Qb6 {[%clk 01:21:53]} {[%emt 00:04:52]}
11. Qxb6 {[%clk 01:13:14]} {[%emt 00:02:27]} axb6 {[%clk 01:21:42]} {[%emt
00:00:41]} 12. a3 {[%clk 01:13:06]} {[%emt 00:00:38]} b5 {[%clk 01:21:06]}
{[%emt 00:01:05]} 13. b4 {[%clk 01:11:45]} {[%emt 00:01:50]} Nbd7 {[%clk
01:20:35]} {[%emt 00:01:02]} 14. h3 {[%clk 01:02:40]} {[%emt 00:09:35]} Nb6
{[%clk 01:17:45]} {[%emt 00:03:20]} 15. Ra2 {[%clk 00:57:57]} {[%emt 00:05:13]}
Ra7 {[%clk 01:16:16]} {[%emt 00:01:59]} 16. Nd2 {[%clk 00:50:28]} {[%emt
00:08:00]} Be6 {[%clk 01:12:20]} {[%emt 00:04:26]} 17. f3 {[%clk 00:48:38]}
{[%emt 00:02:20]} Rfa8 {[%clk 01:10:23]} {[%emt 00:02:26]} 18. Rfa1 {[%clk
00:44:16]} {[%emt 00:04:53]} Na4 {[%clk 01:01:26]} {[%emt 00:09:27]} 19. Ndb1
{[%clk 00:40:02]} {[%emt 00:04:44]} Nd7 {[%clk 00:58:30]} {[%emt 00:03:26]} 20.
Nxa4 {[%clk 00:34:24]} {[%emt 00:06:09]} Rxa4 {[%clk 00:58:40]} {[%emt
00:00:20]} 21. Nc3 {[%clk 00:34:29]} {[%emt 00:00:24]} R4a7 {[%clk 00:58:07]}
{[%emt 00:01:02]} 22. Bc7 {[%clk 00:29:08]} {[%emt 00:05:47]} g5 {[%clk
00:55:32]} {[%emt 00:03:09]} 23. g4 {[%clk 00:22:54]} {[%emt 00:06:44]} Bf6
{[%clk 00:52:01]} {[%emt 00:04:01]} 24. e3 {[%clk 00:22:06]} {[%emt 00:01:18]}
Be7 {[%clk 00:51:33]} {[%emt 00:00:57]} 25. Kf1 {[%clk 00:16:35]} {[%emt
00:06:01]} f6 {[%clk 00:44:55]} {[%emt 00:07:09]} 26. Ke2 {[%clk 00:13:54]}
{[%emt 00:03:11]} Rc8 {[%clk 00:41:45]} {[%emt 00:03:40]} 27. Bg3 {[%clk
00:14:01]} {[%emt 00:00:22]} Rca8 {[%clk 00:41:16]} {[%emt 00:00:59]} 28. Kd3
{[%clk 00:13:41]} {[%emt 00:00:50]} Nb6 {[%clk 00:41:02]} {[%emt 00:00:44]} 29.
Be1 {[%clk 00:10:35]} {[%emt 00:03:35]} Nc4 {[%clk 00:35:04]} {[%emt 00:06:28]}
30. Nb1 {[%clk 00:10:49]} {[%emt 00:00:17]} Bf7 {[%clk 00:34:18]} {[%emt
00:01:16]} 31. Bc3 {[%clk 00:09:26]} {[%emt 00:01:53]} Bd6 {[%clk 00:30:21]}
{[%emt 00:04:26]} 32. Be1 {[%clk 00:05:51]} {[%emt 00:04:06]} Re8 {[%clk
00:23:05]} {[%emt 00:07:46]} 33. Bf2 {[%clk 00:04:36]} {[%emt 00:01:45]} Bg6+
{[%clk 00:22:05]} {[%emt 00:01:31]} 34. e4 {[%clk 00:04:11]} {[%emt 00:00:55]}
Ra6 {[%clk 00:20:07]} {[%emt 00:02:28]} 35. Be1 {[%clk 00:03:34]} {[%emt
00:01:07]} Bf7 {[%clk 00:19:43]} {[%emt 00:00:54]} 36. a4 {[%clk 00:02:46]}
{[%emt 00:01:18]} Nb6 {[%clk 00:19:20]} {[%emt 00:00:53]} 37. axb5 {[%clk
00:02:57]} {[%emt 00:00:20]} dxe4+ {[%clk 00:19:40]} {[%emt 00:00:09]} 38. fxe4
{[%clk 00:02:22]} {[%emt 00:01:05]} Rxa2 {[%emt 00:01:56]} 39. Rxa2 {[%clk
00:02:25]} Bxa2 {[%clk 00:19:00]} {[%emt 00:00:11]} 40. Na3 {[%clk 00:01:14]}
{[%emt 00:01:41]} Ra8 {[%clk 00:18:39]} {[%emt 00:00:50]} 41. Nc2 {[%clk
00:26:53]} {[%emt 00:04:51]} Bb1 {[%clk 00:46:49]} {[%emt 00:02:21]} 42. Kc3
{[%clk 00:22:50]} {[%emt 00:04:32]} Bxc2 {[%clk 00:47:06]} {[%emt 00:00:14]}
43. Kxc2 {[%clk 00:23:12]} {[%emt 00:00:08]} Ra2+ {[%clk 00:47:32]} {[%emt
00:00:04]} 44. Kd3 {[%clk 00:20:11]} {[%emt 00:03:30]} Rxg2 {[%clk 00:46:27]}
{[%emt 00:01:35]} 45. bxc6 {[%clk 00:13:42]} {[%emt 00:07:00]} bxc6 {[%clk
00:46:23]} {[%emt 00:00:34]} 46. d5 {[%clk 00:12:09]} {[%emt 00:02:02]} cxd5
{[%clk 00:46:35]} {[%emt 00:00:19]} 47. exd5 {[%clk 00:12:26]} {[%emt
00:00:13]} Nxd5 {[%clk 00:46:46]} {[%emt 00:00:19]} 48. b5 {[%clk 00:12:25]}
{[%emt 00:00:32]} Bb4 {[%clk 00:46:14]} {[%emt 00:01:01]} 49. Bxb4 {[%clk
00:11:31]} {[%emt 00:01:24]} Nxb4+ {[%clk 00:46:38]} {[%emt 00:00:06]} 50. Kc4
{[%clk 00:11:45]} {[%emt 00:00:15]} Rb2 {[%clk 00:46:46]} {[%emt 00:00:23]} 51.
Kc3 {[%clk 00:11:00]} {[%emt 00:01:15]} Rb1 {[%clk 00:47:09]} {[%emt 00:00:07]}
52. Kc4 {[%clk 00:10:56]} {[%emt 00:00:33]} Nd3 {[%clk 00:45:49]} {[%emt
00:01:50]} 53. Kxd3 {[%clk 00:09:50]} {[%emt 00:01:37]} Rxb5 {[%clk 00:46:13]}
{[%emt 00:00:06]} 54. Ke4 {[%clk 00:10:10]} {[%emt 00:00:09]} Kf7 {[%clk
00:46:28]} {[%emt 00:00:15]} 55. Kf3 {[%clk 00:10:26]} {[%emt 00:00:14]} Rb3+
{[%clk 00:46:43]} {[%emt 00:00:16]} 56. Kg2 {[%clk 00:10:50]} {[%emt 00:00:07]}
Ke6 {[%clk 00:47:04]} {[%emt 00:00:08]} 57. Kh2 {[%clk 00:10:54]} {[%emt
00:00:25]} Ke5 {[%clk 00:47:23]} {[%emt 00:00:11]} 58. Kg2 {[%clk 00:11:17]}
{[%emt 00:00:07]} Kf4 {[%clk 00:47:34]} {[%emt 00:00:19]} 59. h4 {[%clk
00:11:22]} {[%emt 00:00:25]} gxh4 {[%clk 00:46:50]} {[%emt 00:01:14]} 60. g5
{[%clk 00:11:34]} {[%emt 00:00:17]} hxg5 {[%clk 00:47:10]} {[%emt 00:00:10]}
61. Kh2 {[%clk 00:10:31]} {[%emt 00:01:32]} Rg3 {[%clk 00:47:31]} {[%emt
00:00:09]} 62. Kh1 {[%clk 00:10:53]} {[%emt 00:00:09]} Kf3 {[%clk 00:47:53]}
{[%emt 00:00:07]} 63. Kh2 {[%clk 00:11:18]} {[%emt 00:00:05]} Kf2 {[%clk
00:48:15]} {[%emt 00:00:08]} 64. Kh1 {[%clk 00:11:39]} {[%emt 00:00:10]} Rh3+
{[%clk 00:48:39]} {[%emt 00:00:06]} 0-1